Famous people less and less well drawn - Statistics

General Stats
  • This quiz has been taken 1,402 times
  • The average score is 6 of 8
Answer Stats
Picture Hint Answer % Correct
Caricature Donald Trump
99%
Cartoon Albert Einstein
95%
Realistic Diana Spencer
95%
Comics Julius Caesar
86%
Flawed shades John Lennon
82%
Childlike drawing Joseph Stalin
76%
Doodle Frida Kahlo
62%
Detailed Audrey Hepburn
39%
No matching quizzes found
Score Distribution
Percent of People with Each Score
Percentile by Number Answered
Your Score History
You have not taken this quiz